000 00696nam a2200193Ii 4500
003 JO-AjNU
008 230605s9999||||xx |||||||||||||| ||und||
040 _aJO-AjNU
_bara
_erda
_cJO-AjNU
041 _aara
050 1 4 _aKMM44.5.J67.1995
100 3 _aاعداد المكتب الفني بادارة ابراهيم ابو رحمة ,
_eauthor
_946635
245 0 0 _aالمبادئ القانونية لمحكمة التمييز في القضايا الحقوقية 1992-1995
250 _a(د،ط)
264 3 1 _aعمان : نقابة المحامين ، 1995
300 _a678ص
336 _atext
_btxt
_2rdacontent
337 _aunmediated
_bn
_2rdamedia
338 _avolume
_bnc
_2rdacarrier
999 _aA20303
_c23871
_d23871